LEADER 01346nam a2200313 a 4500 001 000000170334 003 CaOOAMICUS 005 20181107105305.0 008 181107s1986 it baf u000 u ita r 032 $aLibriCat 040 $aPUL$bita 041 1 $aita$heng 100 1 $aGallenkamp, Charles.$0(OLS)http://pul/name/109585 240 10$aMaya : the riddle and rediscovery.$lItaliano.$0(OLS)http://pul/title/211079 245 12$aI Maya :$buna misteriosa civiltà sepolta /$cCharles Gallenkamp. 260 $aMilano :$bBompiani,$c1986. 300 $a260 p., [8] p. di tav. :$bill., c. geogr. ;$c24 cm. 490 1 $aPopoli e civiltà 500 $aCompl. del tit. in sovracop.: Aztechi, Maya e Inca i tre splendidi imperi che fioriranno in America prima dell'arrivo di Colombo. 504 $aBibliografia p. 237-244. 650 4$aMaya$xStoria.$0(OLS)http://pul/subject/24216 651 4$aAmerica$xCiviltà precolombiane.$0(OLS)http://pul/subject/45705 830 0$aPopoli e civiltà.$0(OLS)http://pul/title/210910 850 $aPUL 852 $aPUL$W1$xDP1 Fondo Seidl$y56$m4 E 41$j177752$qFondi$B198606$CPULBib$Z2$F198606 $81 941 1 $a1 996 $6245$aI Maya :$buna misteriosa civiltà sepolta$9(OLS)http://pul/title/211080 996 $6260$aMilano :$bBompiani$9(OLS)http://pul/publisher/48240 LEADER 01295nam a2200325 a 4500 001 000000173433 003 CaOOAMICUS 005 20200516131444.0 008 200516s2019 it 000 u ita r 020 $z978-88-6788-175-8* 032 $aLibriCat 040 $aPUL$bita 082 00$a174 100 1 $aMariani, Andrea,$d1967-$0(OLS)http://pul/name/58454 245 10$aEssere ed avere : bio-etica ed economia in dialogo / $cAndrea Mariani. 260 $aRoma :$bIF Press,$c©2019. 300 $a251 p. ;$c24 cm 490 1 $aBioethica ;$v20 504 $aBibliografia: p. 210-248. 650 4$aBioetica e economia.$0(OLS)http://pul/subject/46245 650 4$aEconomia$xAspetti etici e sociali.$0(OLS)http://pul/subject/40125 830 0$aBioethica ;$v20.$0(OLS)http://pul/title/213017 850 $aPUL 852 $aPUL$W1$xSL Filosofia 3$y81$m174 MARAN 1$j197426$qDDC 21$B202210$CPULBib$Z2$F202210 $H173433 $82 941 1 $a9 996 $6020$z978-88-6788-175-8*$9(OLS)http://pul/number/167437 996 $6082$a174$9(OLS)http://pul/classification/425 996 $6245$aEssere ed avere : bio-etica ed economia in dialogo / $9(OLS)http://pul/title/214617 996 $6260$aRoma :$bIF Press$9(OLS)http://pul/publisher/83036